Poker en 6 lettres - Statistiques

Statistiques générales
  • Ce quiz a été pris 127 fois
    120 depuis la dernière actualisation
  • Le résultat moyen est 6 sur 20
Statistiques - réponses
Description(s) Terme(s) en 6 lettres % Correct
Position matérialisant celle du donneur (qu'il y ait un croupier à la table ou non). Celle-ci change à chaque main, dans le sens des aiguilles d'une montre. BOUTON/DEALER
98%
Prix spécial mis sur la tête d’un joueur. Le joueur qui élimine un adversaire avec un ------ sur lui remporte le prix. BOUNTY
66%
Miser au flop, au tournant (et) ou à la rivière alors qu'on a l'initiative (c'est-à-dire qu'on a été le dernier à relancer). Cartouche (voir 2------ ou 3------). BARREL
43%
Mauvais cycle. Mauvaise passe. En d’autres termes une série de défaites ou de mauvais coups. BADRUN
41%
Preflop, suivre le montant de la grosse blind, ne pas relancer. ------ est souvent associé à un joueur usant de cette technique. LIMPER
41%
Carte qui accompagne une combinaison de moins de cinq cartes, et qui sert de départage en cas d'égalité sur la combinaison. KICKER
39%
------ Boy : joueur qui est le dernier éliminé à ne pas être payé. BUBBLE
35%
« N’importe quel deux » ; en d’autres termes, lorsque vous devez envoyer le tapis avec "--- ---", c’est que vous devez le faire avec n’importe quelle main. ANYTWO
31%
C'est le pourcentage de chances que votre main a de gagner face à la main adverse ou à l'éventail de mains adverses, rapporté au montant du pot ; c'est en quelque sorte l'argent du pot qui vous revient de droit, que vous méritez. EQUITE/EQUITY
29%
Partir très facilement à tapis sans trop savoir les chances qu'on a de gagner. Cette manière d'agir a une très forte variance et est déconseillée. Parier. GAMBLE
23%
Façon de jouer qui consiste à se contenter de suivre ou de checker, et ne miser ni relancer que très rarement, que ce soit preflop, au flop, au tournant ou à la rivière. PASSIF
23%
Expression anglaise synonyme de réflexion (parfois longue). TANKER
23%
Se dit de la main d'un joueur qui, au vu de ses mises, est évidente à deviner. En live, un joueur peut coucher ses cartes ---- -- s'il ne reste qu'un seul joueur (lui ou un autre) dans le coup. FACE UP
19%
Un tour de table complet. La réponse n'est pas "niveau". ORBITE
19%
Perte de son tapis suite à une rencontre où on n'a pas d'autre choix que d'engager tous ses jetons, comme si le paquet était truqué. Littéralement refroidisseur. COOLER
16%
Propension d’un joueur à jouer la comédie pour camoufler son jeu ou ce qu’il va faire. ACTING
14%
Joueur (ou coup) piégeux ou malicieux. Facétieux dans son jeu. TRICKY
14%
Composer (une range de mains) de mains fortes et de mains moyennes. Une telle range est dite ------. Signifie "Fusionner" en anglais. MERGER/MERGEE
13%
Nom de famille du numéro 1 Océanien à la "All Time Money List" avec 22 Millions ($) de gains (début avril 2024 site Hendon Mob). ADDAMO
8%
Période où tout réussit à un joueur : ses tirages rentrent, les bad beats sont absents, ses bluffs font coucher ses adversaires, il reçoit des bonnes mains etc. HEATER
1%
Aucun quiz correspondant
Distribution des résultats
% des personnes avec chaque résultat
Percentile par nombre de réponses
Votre historique - résultats
Vous n’avez pas pris ce quiz depuis la dernière actualisation